<?xml version="1.0" encoding="UTF-8"?>
<collection xmlns="http://www.loc.gov/MARC21/slim">
<record>
  <controlfield tag="001">169804</controlfield>
  <controlfield tag="005">20260304131019.0</controlfield>
  <datafield tag="037" ind1=" " ind2=" ">
    <subfield code="a">TAZ-TFG-2025-4852</subfield>
  </datafield>
  <datafield tag="041" ind1=" " ind2=" ">
    <subfield code="a">spa</subfield>
  </datafield>
  <datafield tag="100" ind1="1" ind2=" ">
    <subfield code="a">Litago Bienzobas, Rosario</subfield>
  </datafield>
  <datafield tag="242" ind1="0" ind2="0">
    <subfield code="a">Design of outdoor furniture for a restaurant with marine inspiration using additive manufacturing for the Suagongo brand.</subfield>
  </datafield>
  <datafield tag="245" ind1="0" ind2="0">
    <subfield code="a">Diseño de mobiliario exterior para restaurante con inspiración marina utilizando fabricación aditiva para la marca Suagongo.</subfield>
  </datafield>
  <datafield tag="260" ind1=" " ind2=" ">
    <subfield code="a">Zaragoza</subfield>
    <subfield code="b">Universidad de Zaragoza</subfield>
    <subfield code="c">2025</subfield>
  </datafield>
  <datafield tag="506" ind1=" " ind2=" ">
    <subfield code="a">by-nc-sa</subfield>
    <subfield code="b">Creative Commons</subfield>
    <subfield code="c">3.0</subfield>
    <subfield code="u">http://creativecommons.org/licenses/by-nc-sa/3.0/</subfield>
  </datafield>
  <datafield tag="520" ind1=" " ind2=" ">
    <subfield code="a">El presente Trabajo de Fin de Grado desarrolla el diseño de mobiliario exterior para la zona chill out del restaurante del Hotel Cádiz Bahía. Toma como referencia la estética de laidentidad marina y la filosofía de la marca Suagongo. El proyecto incluye investigación, conceptualización y desarrollo técnico para crear piezas fabricadas mediante tecnologías de impresión 3D. En la fase inicial se realiza un análisis del estado del arte, la fabricación aditiva y sus principales técnicas, así como un estudio de mercado y de tendencias en diseño sostenible, ergonomía y ambientación para espacios de restauración. Paralelamente, se examina la filosofía de la marca Suagongo y el entorno de la terraza, identificando requisitos funcionales, formales y ambientales. Durante la fase de conceptualización se generan propuestas inspiradas en elementos marinos como conchas, corales y fauna oceánica. Tras un proceso de evaluación en el que se consideran diferentes criterio, se selecciona el concepto The Shell’s Whisper, un sillón-estructura envolvente en forma de concha acompañado de una mesa auxiliar orgánica. Ambas piezas se modelan en 3D, se les hace un análisis estructural utilizando el Método de Elementos Finitos y se optimizan para fabricación aditiva con el fin de reducir significativamente el uso de material y el impacto ambiental, pero sin comprometer a su comportamiento mecánico. Finalmente, se selecciona el material ASA por su resistencia a agentes climáticos, estabilidad estructural y compatibilidad con impresión de gran formato. La máquina de impresión que se utilizará sera WASP Crane 3MT. El resultado es un conjunto de mobiliario innovador, funcional y coherente con la identidad marina del espacio.&lt;br /></subfield>
  </datafield>
  <datafield tag="521" ind1=" " ind2=" ">
    <subfield code="a">Graduado en Ingeniería en Diseño Industrial y Desarrollo de Producto</subfield>
  </datafield>
  <datafield tag="540" ind1=" " ind2=" ">
    <subfield code="a">Derechos regulados por licencia Creative Commons</subfield>
  </datafield>
  <datafield tag="856" ind1="0" ind2=" ">
    <subfield code="f">806548@unizar.es</subfield>
  </datafield>
  <datafield tag="856" ind1="4" ind2=" ">
    <subfield code="s">10807539</subfield>
    <subfield code="u">http://zaguan.unizar.es/record/169804/files/TAZ-TFG-2025-4852_ANE.pdf</subfield>
    <subfield code="y">Anexos (spa)</subfield>
  </datafield>
  <datafield tag="856" ind1="4" ind2=" ">
    <subfield code="s">4694147</subfield>
    <subfield code="u">http://zaguan.unizar.es/record/169804/files/TAZ-TFG-2025-4852.pdf</subfield>
    <subfield code="y">Memoria (spa)</subfield>
  </datafield>
  <datafield tag="909" ind1="C" ind2="O">
    <subfield code="o">oai:zaguan.unizar.es:169804</subfield>
    <subfield code="p">driver</subfield>
    <subfield code="p">trabajos-fin-grado</subfield>
  </datafield>
  <datafield tag="950" ind1=" " ind2=" ">
    <subfield code="a"></subfield>
  </datafield>
  <datafield tag="691" ind1=" " ind2=" ">
    <subfield code="a">9 12 14</subfield>
  </datafield>
  <datafield tag="692" ind1=" " ind2=" ">
    <subfield code="a">ODS 9- porque incorpora fabricación aditiva de gran formato, optimización topológica y nuevos procesos digitales aplicados al diseño de mobiliario. ODS 12- El diseño está orientado a un consumo responsable y a la reducción del impacto ambiental. ODS 14- estética inspirada en el mar, conectando al usuario con el entorno costero y promoviendo la sensibilización hacia los ecosistemas marinos a través del diseño.</subfield>
  </datafield>
  <datafield tag="700" ind1=" " ind2=" ">
    <subfield code="a">Aguado Jiménez, Sergio</subfield>
    <subfield code="e">dir.</subfield>
  </datafield>
  <datafield tag="710" ind1="2" ind2=" ">
    <subfield code="a">Universidad de Zaragoza</subfield>
    <subfield code="b">Ingeniería de Diseño y Fabricación</subfield>
    <subfield code="c">Ingeniería de los Procesos de Fabricación</subfield>
  </datafield>
  <datafield tag="980" ind1=" " ind2=" ">
    <subfield code="a">TAZ</subfield>
    <subfield code="b">TFG</subfield>
    <subfield code="c">EINA</subfield>
  </datafield>
  <datafield tag="999" ind1=" " ind2=" ">
    <subfield code="a">20251202190646.CREATION_DATE</subfield>
  </datafield>
  <datafield tag="951" ind1=" " ind2=" ">
    <subfield code="a">deposita:2026-03-04</subfield>
  </datafield>
</record>
</collection>